| 000 | 00443nam a22001337a 4500 | ||
|---|---|---|---|
| 020 | _a0-7923-0753-4 | ||
| 082 | _a530.41 PAT'W | ||
| 100 |
_aWELGRALF, D, GHONIEN, N. M _967579 |
||
| 245 | _aPATTERNS DEFECTS AND MATERIALS INSTABILITIES | ||
| 260 |
_aLONDON _bKLUWAR _c1990 |
||
| 300 | _a393P | ||
| 650 |
_aCHAOTIC BEHAVIOR IN SYSTEM CONGRESSES SPACE AND TIME CONGRESSES FLUCTUATION PHYSICS CONGRESSES MATERIALS CONGRESSES _967580 |
||
| 942 | _cBK | ||
| 999 |
_c575321 _d575321 |
||